ბათუმის შოთა რუსთაველის სახელმწიფო უნივერსიტეტის ბიბლიოთეკა

სამეგრელოს აღწერა / (ბიბ.ჩანაწერი № 38641)

000 -ლიდერი
ფიქსირებული სიგრძის საკონტროლო ველი 01723nam a2200313Ia 4500
001 - საკონტროლო ნომერი
საკონტროლო ველი 4863
003 - საკონტროლო ნომრის იდენტიფიკატორი
საკონტროლო ველი GE_BSU
005 - ბოლო ოპერაციის თარიღი და დრო
საკონტროლო ველი 20190814114215.0
008 - ფიქსირებული სიგრძის მონაცემთა ელემენტები - ზოგადი ინფორმაცია
ფიქსირებული სიგრძის საკონტროლო ველი 181216s2011||||ge |||||||||||||| ||geo||
020 ## - წიგნის საერთაშორისო სტანდარტული ნომერი
International Standard Book Number 9789941918506
040 ## - კატალოგიზაციის წყარო
Transcribing agency GE_BSU
041 ## - ენის კოდი
Language code of text/sound track or separate title geo
080 ## - უნივერსალური ათობითი კლასიფიკაციის ინდექსი
Universal Decimal Classification number 392(=353.32)+910.4(479.22)+94(479.222.2(093უცხ.)+913(479.222) ლ-20
100 ## - მთავარი ჩანაწერი - პიროვნების სახელი
Personal name ლამბერტი, არქანჯელო
9 (RLIN) 3569
245 ## - ცნობა სათაურის შესახებ
Title სამეგრელოს აღწერა /
Statement of responsibility, etc არქანჯელო ლამბერტი ; თარგმ. იტალიურ. ალექსანდრე ჭყონია ; წინასიტყ. ლევან ასათიანი.
264 ## - წარმოების, გამოცემის, დისტრიბუციის და სხვა ცნობები
გამოცემის, წარმოების, დისტრიბუციის... ადგილი თბილისი :
გამოცემის, წარმოების, დისტრიბუციის... სახელწოდება მთაწმინდა ;
გამოცემის, წარმოების, დისტრიბუციის... თარიღი 2011.
300 ## - ფიზიკური აღწერა
Extent 270 გვ. :
Other physical details ნახატები ;
Dimensions 22 სმ.
653 ## - INDEX TERM--UNCONTROLLED
Uncontrolled term იტალიელი მისიონერები საქართველოში
653 ## - INDEX TERM--UNCONTROLLED
Uncontrolled term მეგრელების ეთნოგრაფია
653 ## - INDEX TERM--UNCONTROLLED
Uncontrolled term მეგრელები
653 ## - INDEX TERM--UNCONTROLLED
Uncontrolled term მეგრელების ეთნოგრაფია
653 ## - INDEX TERM--UNCONTROLLED
Uncontrolled term მოგზაურობა სამეგრელოში
653 ## - INDEX TERM--UNCONTROLLED
Uncontrolled term სამეგრელოს გეოგრაფია
653 ## - INDEX TERM--UNCONTROLLED
Uncontrolled term სამეგრელოს ისტორიის უცხოური წყაროები
700 ## - ADDED ENTRY--PERSONAL NAME
Personal name ჭყონია, ალექსანდრე
Relator term თარგმანი იტალიურიდან
9 (RLIN) 3570
700 ## - ADDED ENTRY--PERSONAL NAME
Personal name ასათიანი, ლევან
Relator term წინასიტყვაობა
9 (RLIN) 3571
942 ## - ADDED ENTRY ELEMENTS (KOHA)
Koha item type წიგნი
Source of classification or shelving scheme
ეგზემპლარები
ჩამოწერის სტატუსი დაკარგული ეგზემპლარის სტატუსი კლასიფიკაციის წყარო ან თაროზე გაწყობის სქემა დაზიანების სტატუსი არ გაიცემა მუდმივი მდებარეობა (დაცვის ადგილი) ამჟამინდელი ადგილსამყოფელი თაროზე განთავსების ადგილი შეძენის თარიღი ღირებულება, შესყიდვის ნორმალური ფასი სრული შენახვის შიფრი შტრიხკოდი ბოლო ოპერაციის თარიღი ეგზემპლარის მიმდევრობითი ნომერი (კეტერი?) ფასის ძალაში შესვლის თარიღი ეგზემპლარის სახეობა საჯარო შენიშვნა
          ბათუმის შოთა რუსთაველის სახელმწიფო უნივერსიტეტის მთავარი ბიბლიოთეკა ბათუმის შოთა რუსთაველის სახელმწიფო უნივერსიტეტის მთავარი ბიბლიოთეკა წიგნსაცავი 2018-12-17 15.00 392(=353.32)+910.4(479.22)+94(479.222.2(093უცხ.)+913(479.222) ლ-20 13426 2018-12-17 13426 2018-12-17 წიგნი 15 ლ.
          ბათუმის შოთა რუსთაველის სახელმწიფო უნივერსიტეტის მთავარი ბიბლიოთეკა ბათუმის შოთა რუსთაველის სახელმწიფო უნივერსიტეტის მთავარი ბიბლიოთეკა წიგნსაცავი 2018-12-17 15.00 392(=353.32)+910.4(479.22)+94(479.222.2(093უცხ.)+913(479.222) ლ-20 13427 2018-12-17   2018-12-17 წიგნი 15 ლ.